| 000 | 01495nam a2200409 c 4500 | ||
|---|---|---|---|
| 001 | 47022 | ||
| 003 | ES-MaCES | ||
| 005 | 20160126140709.0 | ||
| 008 | 160126s2015 sp 000 | spa d | ||
| 017 |
_aM 22653-2010 _bDL |
||
| 020 | _a9788483227107 | ||
| 040 |
_aES-MaCES _bspa _cES-MaCES |
||
| 245 | 0 | 0 |
_aRelaciones laborales en la encrucijada _b: el futuro del trabajo y del empleo _ccoord. y ep., Carlos de Benito Álvarez ; pr. y ep., Federico Durán López |
| 260 |
_aMadrid _bAedipe _bPearson Educación _c[2010] |
||
| 300 |
_aXXI, 255 p. _bgráf. bl. y n. _c24 cm |
||
| 490 | 1 | _aBiblioteca Aedipe de recursos humanos | |
| 541 | _cGratuito | ||
| 650 | 4 |
_aempleo _928299 |
|
| 650 | 4 |
_amercado de trabajo _928292 |
|
| 650 | 4 |
_arelaciones laborales _928369 |
|
| 650 | 4 |
_anegociación colectiva _928362 |
|
| 650 | 4 |
_acondiciones de trabajo _928327 |
|
| 650 | 4 |
_acondiciones de empleo _930040 |
|
| 650 | 4 |
_aflexibilidad del trabajo _930174 |
|
| 650 | 4 |
_aordenamiento del tiempo de trabajo _929205 |
|
| 650 | 4 |
_asistema de remuneración _928390 |
|
| 650 | 4 |
_aterminación de la relación de trabajo _929986 |
|
| 650 | 4 |
_ajubilación _928360 |
|
| 650 | 4 |
_afuturo del trabajo _930756 |
|
| 650 | 4 |
_aEspaña _926964 |
|
| 653 | 1 | 0 | _aRelaciones laborales-Empleo |
| 700 | 1 |
_aBenito Álvarez , Carlos de _ecol. _936418 |
|
| 700 | 1 |
_aDurán López, Federico _ecol. _911083 |
|
| 830 | 0 |
_aBiblioteca Aedipe de recursos humanos _933911 |
|
| 902 | _aLIB Libro | ||
| 942 |
_2CES _cBK _h2.0. |
||
| 999 |
_c47022 _d47022 |
||